Top 50 'A' urban areas Quiz Stats

 Plays Quiz not verified by Sporcle

Challenge
Share
Tweet
Embed
Score 0/50 Timer 15:00
0 Plays Today
Population City % Correct
4,849,000Atlanta
87%
4,577,000Alexandria
87%
4,219,000Accra
84.5%
520,000Astana
79.6%
3,515,000Athens
79.3%
4,765,000Abidjan
77.2%
3,330,000Addis Ababa
75.1%
4,299,000Ankara
74.6%
3,333,000Aleppo
74.1%
990,000Antwerp
71.5%
6,930,000Ahmedabad
71%
610,000Asmara
69.9%
1,427,000Almaty
68.9%
1,496,000Adana
67.4%
1,865,000Agra
67.4%
2,146,000Antananarivo
67.4%
3,043,000Algiers
66.8%
2,533,000Amman
64.8%
600,000Ashgabat
61.3%
1,600,000Amsterdam
60.6%
2,716,000Asuncion
50.3%
1,323,000Auckland
50.3%
600,000Acapulco
47.3%
1,128,000Adelaide
46.1%
520,000Astrakhan
45.2%
Population City % Correct
1,492,000Austin
44.6%
600,000Albany
43%
740,000Aden
39.4%
2,471,000Abuja
38.3%
866,000Aba
36.3%
780,000Albuquerque
35.8%
570,000Akron
33.3%
800,000Abu Dhabi
32.1%
1,490,000Anshan
30.6%
1,262,000Ahvaz
29%
928,000Antalya
28.5%
650,000Agadir
28.3%
1,329,000Asansol
27.5%
1,267,000Amritsar
26.4%
1,300,000Allahabad
24.9%
1,217,000Anyang
22.3%
978,000Aguascalientes
21.2%
1,273,000Aurangabad
20.2%
710,000Aracaju
15.2%
550,000Ajmer
10.8%
975,000Aligarh
9.8%
650,000Amravati
5.4%
800,000Angeles City
3.6%
560,000Al-Hudaydah
3.2%
760,000Arequippa
3%

You're not logged in!

Compare scores with friends on all Sporcle quizzes.
Join for Free
OR
Log In

You Might Also Like...

Show Comments

Extras

Top Quizzes Today


Score Distribution

Your Account Isn't Verified!

In order to create a playlist on Sporcle, you need to verify the email address you used during registration. Go to your Sporcle Settings to finish the process.

Report this User

Report this user for behavior that violates our Community Guidelines.

Details: